00750nam a2200229 a 4500003000900000005001700009008004100026040001300067100002400080245009700104260004300201300001100244500012400255650003100379650001500410650001100425650001500436650002100451653001400472653001900486655001500505AR-BaBNM20251128203439.0082120s2002 ||||||||||||||000 | spa|| cAR-BaBNM1 aBeltrán, Oscar R.00aAntología de poetas y prosistas americanosbdesde la época colonial hasta el siglo XX. 1 aBuenos AiresbEdiciones Anacondac1937 a475 p. aContiene una breve referencia biográfica sobre los autores que integran la antología al comienzo de cada capítulo 4aLITERATURA LATINOAMERICANA 4aANTOLOGIAS 4aPOESIA 4aESCRITORES 4aSIGLO DIECINUEVE aNARRATIVA aEPOCA COLONIAL aLITERATURA